Catalog

Record Details

Catalog Search



Sociology : themes and perspectives / Michael Haralambos and Martin Holborn

Record details

  • ISBN: 0-00-322235-7
  • Physical Description: X, 854 s. : obr., tab.
  • Edition: 3rd ed.
  • Publisher: London : Collins Educational, 1990

Content descriptions

General Note:
Věcný a jmenný index
Bibliography, etc. Note:
Bibliografie
Subject: sociologie, učebnice pro VŠ
Genre: monografie

Available copies

  • 1 of 1 copy available at Common Catalog SPOK.

Holds

  • 0 current holds with 1 total copy.
Show Only Available Copies
Location Call Number / Copy Notes Barcode Shelving Location Status Due Date
Jabok Library Soc-1.2 424480008176 Odborná literatura Available -

LDR 00884cam a22003017a 4500
00112052
003CZ-PrJAB
00520190715143739.0
007ta
008050629s1990 xxk|||||r|||||||||||eng|d
020 . ‡a0-00-322235-7
035 . ‡a(CZ PrSKC)000256503
040 . ‡aABD005 ‡bcze ‡cABD005 ‡dABD005
080 . ‡a316(075.8)
1001 . ‡aHaralambos, Michael, ‡d1942- ‡7mub2011666320 ‡4aut
24510. ‡aSociology : ‡bthemes and perspectives / ‡cMichael Haralambos and Martin Holborn
250 . ‡a3rd ed.
260 . ‡aLondon : ‡bCollins Educational, ‡c1990
300 . ‡aX, 854 s. : ‡bobr., tab.
500 . ‡aVěcný a jmenný index
504 . ‡aBibliografie
65004. ‡asociologie, učebnice pro VŠ
655 7. ‡amonografie ‡7fd132842 ‡2czenas
7001 . ‡aHolborn, Martin ‡4aut
910 . ‡aABG312
995 . ‡aska
901 . ‡a12052 ‡bUnknown ‡c12052 ‡tbiblio

Additional Resources